Youngest Siblings on TV Quiz Stats

Quiz Updated Feb 5, 2016

Challenge
Share
Tweet
Score 0/24 Timer 08:00
2 Plays Today
% Correct
Maggie Simpson
95.3%
Monica Geller
88.8%
Stewie Griffin
87.1%
Beaver Cleaver
83.6%
Wednesday Addams
80.6%
Cindy Brady
74.5%
Elroy Jetson
66.9%
Michelle Tanner
66%
Stan Marsh
54.6%
Arnold Jackson
53.2%
Luke Dunphy
43.8%
Tyrion Lannister
43%
% Correct
Dil Pickles
35%
Dot
33.8%
Daryl Dixon
30.9%
Brick Heck
30.3%
A.J. Soprano
30.1%
Buster Bluth
28.7%
Mark Taylor
28.3%
Gracie Sheffield
10.4%
Sam Weir
9.5%
Eric Van Der Woodsen
9.1%
Hakeem Lyon
7.2%
Evan Huang
5.5%

You're not logged in!

Compare scores with friends on all Sporcle quizzes.
Sign Up with Email
OR
Log In

You Might Also Like...

Show Comments

Extras

Top Quizzes Today


Score Distribution

Your Account Isn't Verified!

In order to create a playlist on Sporcle, you need to verify the email address you used during registration. Go to your Sporcle Settings to finish the process.